Life / (Record no. 201564)

MARC details
000 -LEADER
fixed length control field 01376nam a2200313 i 4500
003 - CONTROL NUMBER IDENTIFIER
control field OSt
005 - DATE AND TIME OF LATEST TRANSACTION
control field 20251116112022.0
008 - FIXED-LENGTH DATA ELEMENTS--GENERAL INFORMATION
fixed length control field 251116s20232023enka jr 000 0 eng d
020 ## - INTERNATIONAL STANDARD BOOK NUMBER
International Standard Book Number 9780241452882
Terms of availability RM 62.50
Qualifying information paperback
040 ## - CATALOGING SOURCE
Original cataloging agency PPAK
Language of cataloging eng
Transcribing agency PPAK
Description conventions rda
082 04 - DEWEY DECIMAL CLASSIFICATION NUMBER
Edition number 23
Classification number 570
090 00 - LOCALLY ASSIGNED LC-TYPE CALL NUMBER (OCLC); LOCAL CALL NUMBER (RLIN)
Classification number (OCLC) (R) ; Classification number, CALL (RLIN) (NR) 570
Feature heading WOO
Feature heading K
100 1# - MAIN ENTRY--PERSONAL NAME
Personal name Woollard, Elli,
Relator term author.
245 10 - TITLE STATEMENT
Title Life /
Statement of responsibility, etc. Elli Woollard ; Illustrated by Dorien Brouwers.
264 #1 - PRODUCTION, PUBLICATION, DISTRIBUTION, MANUFACTURE, AND COPYRIGHT NOTICE
Place of production, publication, distribution, manufacture London :
Name of producer, publisher, distributor, manufacturer Puffin,
Date of production, publication, distribution, manufacture, or copyright notice 2023
300 ## - PHYSICAL DESCRIPTION
Extent 1 volume (unpaged) :
Other physical details colour illustrations ;
Dimensions 30 cm
336 ## - CONTENT TYPE
Content type term text
Source rdacontent
337 ## - MEDIA TYPE
Media type term unmediated
Source rdamedia
338 ## - CARRIER TYPE
Carrier type term volume
Source rdacarrier
500 ## - GENERAL NOTE
General note The Story of life on Earth -- cover page
520 ## - SUMMARY, ETC.
Summary, etc. "From tiny dots of microscopic bacteria to enormous dinosaurs, through Ice Ages and the gallop of evolution, Elli Woollard's lyrical text is a pitch-perfect blend of storytelling, science and wonder. Life will fascinate and entertain the curious child, with Dorien Brouwers' immersive artwork heightening the beauty and inspiring awe in readers young and old."--Publisher's website
650 10 - SUBJECT ADDED ENTRY--TOPICAL TERM
Topical term or geographic name entry element Life (Biology)
Form subdivision Juvenile literature
Topical term or geographic name entry element Earth (Planet)
Form subdivision Juvenile literature
655 ## - INDEX TERM--GENRE/FORM
Genre/form data or focus term Picture books
Genre/form data or focus term Pictorial works
Genre/form data or focus term Juvenile literature
700 1# - ADDED ENTRY--PERSONAL NAME
Personal name Brouwers, Dorien,
Relator term illustrator.
942 ## - ADDED ENTRY ELEMENTS (KOHA)
Source of classification or shelving scheme Dewey Decimal Classification
Koha item type Book
Holdings
Withdrawn Not for loan Current library Shelving location Date acquired Total Checkouts Full call number Barcode Date last seen Koha item type
    Perpustakaan Alor Setar Pinjaman Kanak-kanak 20/11/2025   K 570 WOO A01891421 20/11/2025 Book